000 00477nam a2200193Ia 4500
008 101110s9999 xx 000 0 und d
041 _aENGLISH
082 _bSR13852
_a658
100 _aSharma S.P.
245 _aProfessional Management in India
365 _b55
520 _aCommerce
546 _aENGLISH
630 _aProfessional Management in India
650 _aCommerce
655 _aCommerce
730 _aProfessional Management in India
942 _cBOOK
999 _c807988
_d807985